Defensa de la tierra
Guardat en:
| Autor principal: | |
|---|---|
| Format: | Llibre |
| Idioma: | espanyol |
| Publicat: |
Santiago
Ediciones Biblioteca Nacional
2015
|
| Edició: | 2a. ed |
| Matèries: | |
| Etiquetes: |
Afegir etiqueta
Sense etiquetes, Sigues el primer a etiquetar aquest registre!
|
MARC
| LEADER | 00000cam a2200000 a 4500 | ||
|---|---|---|---|
| 001 | UCD9733 | ||
| 003 | CL-VaPUC | ||
| 008 | 170630e20150200cl |||||||||||||||||spa|d | ||
| 020 | |a 9789562443135 | ||
| 082 | 0 | 4 | |a Ch864 |b OYA |2 21 |
| 100 | |a Oyarzún Peña, Luis |e autor |9 879637 | ||
| 245 | 1 | 0 | |a Defensa de la tierra |
| 250 | |a 2a. ed | ||
| 300 | |a 107 p | ||
| 942 | |c BK | ||
| 945 | |d 20170630 21:31:00 |a arojas | ||
| 260 | |a Santiago |b Ediciones Biblioteca Nacional |c 2015 | ||
| 650 | 0 | |a Ensayos chilenos |9 269132 | |
| 650 | 0 | |a Literatura chilena |9 308278 | |
| 583 | |a last modification |c 20170630 21:31:00 |k Rodrigo Vera | ||
| 999 | |c 368762 |d 368760 | ||
| 952 | |0 0 |1 0 |3 erb |4 0 |6 CH_864_000000000000000_OYA_2015 |7 0 |8 A |9 484198 |a BIBEDU |b BIBEDU |i 5403723 |o Ch864 OYA 2015 |p 5403723 |r 2019-11-24 |w 2019-11-24 |y BK |z Catalogado en:20170630 |k LIT | ||